Speeches that shaped the world: (Record no. 9391)

MARC details
000 -LEADER
fixed length control field 00431nam a22001457a 4500
008 - FIXED-LENGTH DATA ELEMENTS--GENERAL INFORMATION
fixed length control field 230301b |||||||| |||| 00| 0 eng d
020 ## - INTERNATIONAL STANDARD BOOK NUMBER
International Standard Book Number 978-93-86867-80-3
082 ## - DEWEY DECIMAL CLASSIFICATION NUMBER
Classification number 808.85
100 ## - MAIN ENTRY--PERSONAL NAME
Personal name Alan J Whiticker
245 ## - TITLE STATEMENT
Title Speeches that shaped the world:
Remainder of title 38 speeches from great leaders
260 ## - PUBLICATION, DISTRIBUTION, ETC.
Name of publisher, distributor, etc. Jaico Publishing House,
Date of publication, distribution, etc. 2018
300 ## - PHYSICAL DESCRIPTION
Extent 284 p.
Dimensions 21.5 cm
942 ## - Added entry Elements (Koha)
Source of classification or shelving scheme Dewey Decimal Classification
Holdings
Withdrawn status Lost status Source of classification or shelving scheme Damaged status Not for loan Collection code Home library Current library Shelving location Date acquired Serial Enumeration / chronology Total Checkouts Full call number Barcode Date last seen Date last checked out Price effective from Koha item type
    Dewey Decimal Classification     Popular Collection RTC Library RTC Library Popular Collection 01/03/2023 177034 2 808.85 WHI 30018624 12/06/2025 26/05/2025 01/03/2023 Main
Royal Thimphu College || All Right Reserved